01981 2200433 4500001002100000005001500021035002000036007000300056008004100059020002200100040002200122082001500144084001700159090002100176090002200197100006400219245025000283250003500533300005000568650003100618700006200649700006700711700006400778700006800842700005500910700007500965700007101040700007501111700009701186700007301283850001201356504002501368264003601393336002101429337003001450338002301480999002201503990002201525INLIS00000000085910920210423090540 a0010-0421001014ta210316t2020 yoia g ind d a978-623-02-1993-1 aYOPDYOGbinderda04223a428.02 a428.02 IRA a aDEP 428.02 IRA a aCB-D.11 2020-23090 aIra Maisarah,d1984-epenulistTerjemahan: sebuah pengantar10aAdvanced translation /cpenulis, Ira Maisarah, Desma Yuzahana, Rizky Devi Ayustina, Selvi Maryati, Fitra Andana A., Muhammad Alkamillah, Nurdin, Ameitha Pratiwi, Nora Arseta, Yunita Antasari, Maria Christyolin Marthalena Hutauruk, Herlina Emilda aCetakan pertama, Desember 2020 aviii, 60 halaman :bilustrasi, tabel ;c23 cm 4aBahasa Inggris--xTerjemah0 aDesma Yuzahana,d1990-epenulistTeori dasar penerjemahan0 aRizky Devi Ayustina,d1996-epenulistTeori dasar penerjemahan0 aFitra Andana A.,d1980-epenulistMetode dalam penerjemahan0 aMuhammad Alkamillah,d1995-epenulistMetode dalam penerjemahan0 aNurdin,d1974-epenulistMetode dalam penerjemahan0 aAmeitha Pratiwi,d1994-epenulistStrategi dan unit dalam penerjemahan0 aNora Arseta,d1995-epenulistStrategi dan unit dalam penerjemahan0 aYunita Antasari,d1994-epenulistStrategi dan unit dalam penerjemahan3 aHutauruk, Maria Christyolin Marthalena,d1984-epenulistPergeseran makna dalam penerjemahan0 aHerlina Emilda,d1974-epenulistPergeseran makna dalam penerjemahan aYOPDYOG aTermasuk bibliografi31aYogyakarta :bDeepublish,c2020 2rdacontentateks 2rdamediaatanpa perantara 2rdacarrieravolume aCB-D.11/2020-2309 aCB-D.11/2020-2309